Statistics for Most popular baby girl names in Finland 2014

Click here to take the quiz!

General Stats

  • This quiz has been taken 252 times
  • The average score is 19 of 50

Answer Stats

RankName% Correct
5Emma
83%
17Anni
74%
13Olivia
70%
4Ella
69%
1Sofia
68%
11Sara
66%
8Emilia
58%
15Iida
55%
12Elli
52%
26Veera
52%
7Venla
52%
3Aada
48%
14Elsa
48%
10Amanda
47%
2Aino
46%
20Vilma
46%
23Oona
41%
37Sanni
40%
21Siiri
39%
9Enni
38%
6Helmi
38%
30Iina
38%
24Isla
37%
43Alisa
35%
33Viivi
35%
38Aava
34%
45Lotta
34%
41Matilda
33%
49Nelli
33%
18Eevi
32%
25Mila
32%
22Kerttu
31%
29Linnea
31%
27Nella
31%
42Ronja
30%
47Alina
29%
16Lilja
28%
40Minea
28%
19Pihla
28%
28Ellen
27%
32Alma
26%
31Lumi
26%
35Ilona
25%
46Inka
24%
50Hilda
21%
36Vilja
21%
34Minttu
19%
39Hilla
18%
44Stella
17%
48Seela
13%

Score Distribution

Percentile by Number Answered

Percent of People with Each Score

Your Score History

You have not taken this quiz